100 Popculture Stars' Nickames Quiz Stats

 Plays Quiz not verified by Sporcle

Also try: Celebrity Gun Show
Challenge
Share
Tweet
Embed
Score 0/100 Timer 20:00
0 Plays Today
% Correct
Adele
74.7%
Ke$ha
73.6%
Miley Cyrus
72.5%
Rihanna
71.4%
Madonna
71.4%
Dido
70.3%
2Pac
69.2%
Eminem
67%
Jon Bon Jovi
67%
Prince
67%
Winona Ryder
64.8%
Ozzy Osbourne
63.7%
Seal
63.7%
Lady Gaga
62.6%
Cher
61.5%
Diddy
60.4%
Natalie Portman
60.4%
Fergie
59.3%
Nicki Minaj
57.1%
PSY
57.1%
Courtney Love
54.9%
Alicia Keys
54.9%
Marilyn Monroe
54.9%
Bob Dylan
52.7%
Ringo Starr
52.7%
Akon
50.5%
Katy Perry
49.5%
50 Cent
48.4%
Sting
47.3%
George Michael
46.2%
Ricky Martin
46.2%
Elton John
45.1%
Tiger Woods
45.1%
Bono
44%
% Correct
Freddie Mercury
44%
Pink
42.9%
Dean Martin
42.9%
R. Kelly
42.9%
Woody Allen
41.8%
Jay-Z
40.7%
Olivia Wilde
39.6%
David Bowie
38.5%
Steven Tyler
37.4%
Stevie Wonder
33%
Luke Perry
33%
Marilyn Manson
31.9%
Gene Simmons
31.9%
Tina Turner
31.9%
Demi Moore
31.9%
Lil' Kim
30.8%
Erykah Badu
30.8%
Snoop Dogg
29.7%
Slash
29.7%
Joan Jett
29.7%
Whoopi Goldberg
29.7%
Alice Cooper
29.7%
Notorious B.I.G.
28.6%
Nas
28.6%
Axl Rose
27.5%
Helen Mirren
27.5%
Faith Hill
27.5%
will.i.am
26.4%
Meatloaf
23.1%
Dr. Dre
19.8%
Kid Rock
19.8%
Sade
18.7%
Donna Summer
17.6%
Sid Vicious
16.5%
% Correct
Ice Cube
16.5%
B.O.B
16.5%
Bruno Mars
16.5%
Lorde
15.4%
Lana Del Rey
15.4%
Pitbull
15.4%
Ludacris
15.4%
apl.de.ap
14.3%
Fat Joe
14.3%
The Edge
14.3%
Timbaland
13.2%
Ice-T
13.2%
Tiesto
13.2%
Flea
13.2%
Jodie Foster
13.2%
Shania Twain
12.1%
Portia de Rossi
12.1%
Gotye
11%
Iggy Pop
11%
Billy Idol
11%
Shakira
11%
Moby
11%
LL Cool J
9.9%
Nelly
9.9%
Skrillex
8.8%
Frank Ocean
7.7%
Deadmau5
5.5%
Busta Rhymes
5.5%
Rick Ross
5.5%
Taboo
4.4%
T-Pain
4.4%
Wiz Khalifa
3.3%

You're not logged in!

Compare scores with friends on all Sporcle quizzes.
OR
Log In

You Might Also Like...

Show Comments

Extras

Top Quizzes Today


Score Distribution

Your Account Isn't Verified!

In order to create a playlist on Sporcle, you need to verify the email address you used during registration. Go to your Sporcle Settings to finish the process.

Report this User

Report this user for behavior that violates our Community Guidelines.

Details: